|
|
|
|
| LEADER |
01596nam a2200361 a 4500 |
| 001 |
EBC3378738 |
| 003 |
MiAaPQ |
| 005 |
20200520144314.0 |
| 006 |
m o d | |
| 007 |
cr cn||||||||| |
| 008 |
110408s2011 dcua sb 100 0 eng d |
| 020 |
|
|
|z 9780309162357
|
| 020 |
|
|
|z 0309162351
|
| 035 |
|
|
|a (MiAaPQ)EBC3378738
|
| 035 |
|
|
|a (Au-PeEL)EBL3378738
|
| 035 |
|
|
|a (CaPaEBR)ebr10454955
|
| 035 |
|
|
|a (CaONFJC)MIL301915
|
| 035 |
|
|
|a (OCoLC)923283071
|
| 040 |
|
|
|a MiAaPQ
|c MiAaPQ
|d MiAaPQ
|
| 050 |
|
4 |
|a HC79.A4
|b N38 2011
|
| 110 |
2 |
|
|a National Research Council (U.S.)
|
| 245 |
1 |
0 |
|a Modeling the economics of greenhouse gas mitigation
|h [electronic resource] :
|b summary of a workshop /
|c National Research Council of the National Academies ; K. John Holmes, rapporteur.
|
| 260 |
|
|
|a Washington, D.C. :
|b National Academies Press,
|c 2011.
|
| 300 |
|
|
|a x, 149 p. :
|b ill. (some col.)
|
| 500 |
|
|
|a "Division on Engineering and Physical Sciences."
|
| 504 |
|
|
|a Includes bibliographical references.
|
| 533 |
|
|
|a Electronic reproduction. Ann Arbor, MI : ProQuest, 2015. Available via World Wide Web. Access may be limited to ProQuest affiliated libraries.
|
| 650 |
|
0 |
|a Greenhouse gas mitigation
|x Economic aspects
|v Congresses.
|
| 655 |
|
4 |
|a Electronic books.
|
| 710 |
2 |
|
|a National Research Council (U.S.).
|b Division on Engineering and Physical Sciences.
|
| 710 |
2 |
|
|a ProQuest (Firm)
|
| 711 |
2 |
|
|a Modeling the Economics of Greenhouse Gas Mitigation
|d (2010 :
|c Washington, D.C.)
|
| 856 |
4 |
0 |
|u https://ebookcentral.proquest.com/lib/matrademy/detail.action?docID=3378738
|z Click to View
|